Ser Iglesia, sentirse Iglesia, construir Iglesia : una comunidad en continua reforma /

Se examina el quehacer de la Iglesia en vísperas del nuevo milenio, y se reafirma que la actividad misionera de la Iglesia es, por naturaleza, su razón de ser.

Guardat en:
Dades bibliogràfiques
Autor principal: Girardi, Vittorino (autor)
Format: Llibre
Idioma:espanyol
Publicat: México : Instituto Mexicano de Doctrina Social, 1998, c1998
Matèries:
Etiquetes: Afegir etiqueta
Sense etiquetes, Sigues el primer a etiquetar aquest registre!

MARC

LEADER 00000nam^a2200000^a^4500
001 000452495
005 20250521000000.0
009 20260526145454.936
037 |a Acervo ITESO - Biblioteca 
041 |a ESP 
082 |a 262. 7  |b GIR 
100 |a Girardi, Vittorino  |e (autor) 
245 1 0 |a Ser Iglesia, sentirse Iglesia, construir Iglesia :  |b una comunidad en continua reforma /  |c V. Girardi. 
264 4 |a México :  |b Instituto Mexicano de Doctrina Social,  |c 1998, c1998 
300 |a 173 p. 
336 |a texto  |b txt  |2 rdacontenido 
337 |a sin mediación  |b n  |2 rdamedio 
338 |a volumen  |b nc  |2 rdasoporte 
520 |a Se examina el quehacer de la Iglesia en vísperas del nuevo milenio, y se reafirma que la actividad misionera de la Iglesia es, por naturaleza, su razón de ser. 
649 |a XX 
650 |a Iglesia Católica -  |x Trabajo y Actividades 
650 |a Iglesia Católica -  |x Naturaleza -  |x Tema Principal 
650 |a Vocación Religiosa 
650 |a Misiones 
650 |a Eclesiología -  |x Tema Principal 
650 |a Teología Pastoral 
650 |a Catolicismo 
650 |a Cristianismo 
650 |a Religión 
910 |a Fondo Efraín González Morfín 
920 |a Impresos - Libros 
930 |a Fondos Especiales 
905 |a 130 
901 |a 0500384121  |b IT2  |c ESL  |i D91504  |u 20250521 
902 |a https://opac.biblio.iteso.mx/vufind/Record/000452495